[Event "Dyuni op 2nd"]
[Site "Dyuni"]
[Date "2016.09.02"]
[Round "1"]
[White "Apostolov, Teodor"]
[Black "Dimitrov, Dimitar R"]
[Result "1-0"]
[WhiteElo "1769"]
[BlackElo "1947"]
[PlyCount "29"]
[EventDate "2016.09.02"]
[EventType "swiss"]
[EventRounds "7"]
[EventCountry "BUL"]
[SourceTitle "CBM 174 Extra"]
[Source "ChessBase"]
[SourceDate "2016.10.10"]
[SourceVersion "1"]
[SourceVersionDate "2016.10.10"]
[SourceQuality "1"]

1. c4 e5 2. Nc3 Nc6 3. d3 Nf6 4. g3 Bc5 5. Bg2 d6 6. Nf3 Be6 7. 0-0 d5 8. cxd5 Nxd5 9. Ne4 Qd7 10. Nxc5 Qc8 11. Ng5 Bg4 12. Bxd5 Nd4 13. Bxb7 Bxe2 14. Qa4+ c6 15. Bxc8 1-0

[Event "Primorsko Dyuni op 1st"]
[Site "Primorsko"]
[Date "2016.05.23"]
[Round "5"]
[White "Apostolov, Teodor"]
[Black "Sotirov, Nikolaj"]
[Result "0-1"]
[WhiteElo "1775"]
[BlackElo "1828"]
[PlyCount "40"]
[EventDate "2016.05.21"]
[EventType "swiss"]
[EventRounds "7"]
[EventCountry "BUL"]
[SourceTitle "CBM 172 Extra"]
[Source "ChessBase"]
[SourceDate "2016.06.21"]
[SourceVersion "1"]
[SourceVersionDate "2016.06.21"]
[SourceQuality "1"]

1. c4 c5 2. e4 Nc6 3. f4 g6 4. Nc3 Bg7 5. Nf3 e6 6. e5 d6 7. Qa4 dxe5 8. fxe5 Bd7 9. Qc2 Nxe5 10. Be2 Bc6 11. Ne4 Ne7 12. Nxc5 Nf5 13. Nb3 Nxf3+ 14. gxf3 Qh4+ 15. Kd1 Ng3 16. Re1 Nxe2 17. Rxe2 Bxf3 18. Nc5 Bxe2+ 19. Kxe2 Qh5+ 20. Ke1 Qxc5 0-1

[Event "Primorsko Dyuni op 1st"]
[Site "Primorsko"]
[Date "2016.05.21"]
[Round "2"]
[White "Andreev, Stanislav"]
[Black "Apostolov, Teodor"]
[Result "1-0"]
[WhiteElo "2148"]
[BlackElo "1775"]
[PlyCount "61"]
[EventDate "2016.05.21"]
[EventType "swiss"]
[EventRounds "7"]
[EventCountry "BUL"]
[SourceTitle "CBM 172 Extra"]
[Source "ChessBase"]
[SourceDate "2016.06.21"]
[SourceVersion "1"]
[SourceVersionDate "2016.06.21"]
[SourceQuality "1"]

1. d4 Nf6 2. c4 e6 3. Nc3 d5 4. cxd5 exd5 5. Bg5 Be7 6. e3 0-0 7. Bd3 Nbd7 8. Nf3 h6 9. Bh4 c6 10. 0-0 Re8 11. Qc2 Nf8 12. Rab1 Bg4 13. Ne5 Be6 14. b4 Rc8 15. Na4 N6d7 16. Bg3 Bh4 17. Nf3 Bxg3 18. hxg3 a5 19. bxa5 Qxa5 20. Rxb7 c5 21. Rb5 Qa7 22. Nxc5 Nb6 23. Qb2 Nbd7 24. Nxe6 Rxe6 25. Rxd5 Nf6 26. Rb5 Qc7 27. Bf5 Rce8 28. Bxe6 Rxe6 29. Rc1 Qd6 30. Rc8 Rxe3 31. fxe3 1-0

[Event "Golden Sands op-B"]
[Site "Golden Sands"]
[Date "2015.06.11"]
[Round "4"]
[White "Apostolov, Teodor"]
[Black "Samya, Rishi Gupta"]
[Result "1-0"]
[WhiteElo "1778"]
[BlackElo "1028"]
[PlyCount "69"]
[EventDate "2015.06.08"]
[EventType "swiss"]
[EventRounds "9"]
[EventCountry "BUL"]
[SourceTitle "CBM 167 Extra"]
[Source "ChessBase"]
[SourceDate "2015.09.14"]
[SourceVersion "1"]
[SourceVersionDate "2015.09.14"]
[SourceQuality "1"]

1. c4 e6 2. Nc3 d5 3. cxd5 exd5 4. d3 Nf6 5. Nf3 Nbd7 6. g3 c6 7. Bg2 Bd6 8. 0-0 0-0 9. Bg5 Re8 10. e4 h6 11. Bxf6 Nxf6 12. Re1 dxe4 13. dxe4 Be6 14. e5 Nd5 15. exd6 Qxd6 16. Nxd5 Bxd5 17. Rxe8+ Rxe8 18. Qd2 Re4 19. Ne1 Re6 20. Bxd5 Qxd5 21. Qxd5 cxd5 22. Nf3 Rd6 23. Nd4 Rb6 24. b3 Rb4 25. Nf5 d4 26. Rd1 a5 27. Rxd4 Rb5 28. Rd8+ Kh7 29. Nd6 Rd5 30. Nxf7 Rxd8 31. Nxd8 b5 32. Nc6 a4 33. b4 Kg6 34. Nd4 Kg5 35. Nxb5 1-0

[Event "Kesarovski Georgiev Memorial-B 12th"]
[Site "Sunny Beach"]
[Date "2013.08.31"]
[Round "1"]
[White "Glavchev, Stanislav"]
[Black "Apostolov, Teodor"]
[Result "1-0"]
[WhiteElo "2137"]
[BlackElo "1743"]
[PlyCount "85"]
[EventDate "2013.08.31"]
[EventType "swiss"]
[EventRounds "9"]
[EventCountry "BUL"]
[SourceTitle "CBM 156 Extra"]
[Source "ChessBase"]
[SourceDate "2013.10.22"]
[SourceVersion "1"]
[SourceVersionDate "2013.10.22"]
[SourceQuality "1"]

1. e4 c5 2. Nc3 e6 3. Nf3 Nc6 4. g3 b6 5. d4 cxd4 6. Nxd4 Bb7 7. Bg2 Bb4 8. Ndb5 a6 9. Nd6+ Bxd6 10. Qxd6 Qe7 11. Qc7 Rb8 12. 0-0 d6 13. Qxb6 Qd8 14. Qxd8+ Nxd8 15. Rd1 Ke7 16. b3 Nf6 17. Ba3 Ne8 18. e5 Rc8 19. exd6+ Kd7 20. Na4 Rc6 21. Nc5+ Rxc5 22. Bxc5 Bxg2 23. Kxg2 Nb7 24. Ba3 Nf6 25. c4 Rc8 26. Rac1 Ne4 27. f3 Nf6 28. Bb2 Nh5 29. b4 f6 30. c5 Rc6 31. a4 e5 32. Ba3 Nd8 33. b5 axb5 34. axb5 Rc8 35. c6+ Ke6 36. c7 Nb7 37. d7 Ra8 38. Rd6+ Kf5 39. Ra6 Nf4+ 40. gxf4 Rg8 41. c8Q Nd8 42. Qc7 Kxf4 43. Bb4 1-0